[Event "SVK-chT2C 0506"]
[Site "Slovakia"]
[Date "2005.10.22"]
[Round "1.5"]
[White "Rogos, Jan Jr"]
[Black "Benco, Ludovit"]
[Result "1-0"]
[WhiteElo "2048"]
[BlackElo "1806"]
[PlyCount "55"]
[EventDate "2005.10.22"]
[EventType "team-tourn"]
[EventRounds "11"]
[EventCountry "SVK"]
[SourceTitle "EXT 2009"]
[Source "ChessBase"]
[SourceDate "2008.11.26"]
[SourceVersion "1"]
[SourceVersionDate "2008.11.26"]
[SourceQuality "1"]

1. e4 c5 2. Nf3 e6 3. d4 cxd4 4. Nxd4 Nc6 5. Nc3 a6 6. Be2 Bb4 7. 0-0 Nge7 8. Kh1 0-0 9. f4 Qc7 10. f5 Nxd4 11. Qxd4 Bxc3 12. bxc3 Nc6 13. Qe3 f6 14. Rf4 Ne5 15. Rh4 exf5 16. exf5 d5 17. Qh3 g6 18. g4 b5 19. Bf4 g5 20. Bxe5 fxe5 21. Rh5 Qg7 22. Qe3 Bb7 23. Kg1 h6 24. h4 gxh4 25. Rxh6 Rxf5 26. Qb6 Rg5 27. Qe6+ Qf7 28. Rh8+ 1-0